000 00744nam a22002537a 4500
001 BR8305009
003 BR-BrBNA
005 20230928091746.0
007 ta
008 230509b bl.||||| |||| 00| 0 por d
040 _aBR-BrBNA
_bpor
_cBiblioteca Nacional de Agricultura
041 _a(Por)
072 _aA50; E10
_b/G514
090 _ A50 BR8305009
100 1 _aHoyos, L.E.A.
100 1 _aRichter, H.V. (comps.)
110 1 _aSociedade Brasileira de Economia Rural, Brasilia, DF (Brasil)
_99684
245 1 _aQuem e quem na SOBER [Sociedade Brasileira de Economia]
260 3 _aBrasilia, DF (Brasil):
_bSOBER,
_c1983.
300 _a123 p.
650 _aECONOMIA AGRICOLA
909 _a202309
_bLucia
_c55
_dLucia Elande
942 _cBK
999 _c35370
_d35370